000
00312nam a22001337a 4500
008
150521b xxu||||| |||| 00| 0 eng d
020
_a
8178084627
082
_a
005.1
100
_a
Cormen,Thomas H
245
_a
Introduction to Algorithms
250
_a
2nd Ed.
260
_a
INDIA
_b
Prentice-Hall
_c
2003
942
_c
BK
999
_c
23152
_d
23152